000
00283 a2200121 4500
001
57194
082
_a
332.7505491 JAV
090
_c
35121
_d
35121
100
_a
Javed Mehmood
245
_a
Who bankrupted Pakistan?
260
_a
Lahore
_b
Javed MAhmood
_c
2001
300
_a
232p
942
_a
NUST-CAE
_k
332.7505491 JAV
999
_c
292267
_d
292267